=LDR 00000nam 2200000 4500 =001 NUTBA000000000006162 =005 20141124141855.0 =006 =007 =008 =020 ##$$a 979-940986-1 =035 ##$$a 0010-111400000000641 =040 ##$$a NBPDMAT =082 ##$$a 616.203 =090 ##$$a 616.203 $b Nur l =100 ##$$a Murdiyani =245 ##$$a Lebih mengenal flu burung / $c Nursidiyani =260 ##$$a Subaraya : $b Insan Cendekia, $c 2000 =300 ##$$a iv, 12 hlm. : $b ilus. ; $c 29 cm. =650 ##$$a Influensa-Flu burung